| 000 | 00440 a2200133 4500 | ||
|---|---|---|---|
| 020 | _a0253346827 | ||
| 082 | _a388.4 PUS | ||
| 100 | _aPushkarev, Boris. | ||
| 245 |
_aPublic transportation and land use policy _cBoris S. Pushkarev, Jeffrey M. Zupan. |
||
| 260 |
_aBloomington : _bIndiana University Press, _cc1977. |
||
| 300 |
_aix, 242 p. : _bill. ; _c29 cm. |
||
| 650 | _aUrban transportation policy. | ||
| 650 | _aChoice of transportation. | ||
| 650 | _aLand use, Urban. | ||
| 999 |
_c458 _d458 |
||